#2 Fußball WM Teilnehmer ? - Statistiken

Allgemein
  • Dieses Quiz wurde 246 mal gespielt
  • Das Durchschnittsergebnis liegt bei 8 aus 10
Answers on the Grid
Answers color-coded by a green-red scale on the quiz's grid according to % correct below.
Vereinigte Arabische Emirate
Vereinigte Staaten
Slowakei
Österreich
Wales
Tschechien
Norwegen
Lettland
Syrien
Nigeria
Thailand
Pakistan
Kamerun
Vietnam
Kuwait
 
Antwortstatistiken
Antwort % Korrekt
Österreich
95%
Vereinigte Staaten
92%
Tschechien
91%
Kamerun
86%
Wales
86%
Nigeria
85%
Norwegen
85%
Slowakei
85%
Vereinigte Arabische Emirate
57%
Kuwait
41%
Keine übereinstimmenden Quizze gefunden
Verteilung der Resultate
Anzahl Personen mit jedem Resultat
Perzentil nach korrekt beantworteten Fragen
Ihre Resultats-Entwicklung
Sie haben dieses Quiz noch nicht gespielt